The grain trade in the Old Northwest /

Bibliographic Details
Main Author: Clark, John Garretson, 1932-
Format: Book
Language:English
Published: Urbana : University of Illinois Press, 1966.
Subjects:

MARC

Tag First Indicator Second Indicator Subfields
LEADER 00000cam a2200000 4500
001 in00000081598
005 20151008053018.0
008 720204s1966 ilu b 00000 eng u
010 |a  66010341  
035 |a (OCoLC)00234171 
035 |9 AAH5848AM 
040 |c WSU  |d TXA  |d UtOrBLW 
049 |a TXAM  |c [475380] 
050 0 |a HD9037.A14  |b C5 
092 |a 380.141  |b C593g 
100 1 |a Clark, John Garretson,  |d 1932- 
245 1 4 |a The grain trade in the Old Northwest /  |c by John G. Clark. 
264 1 |a Urbana :  |b University of Illinois Press,  |c 1966. 
300 |a 324 pages 
336 |a text  |b txt  |2 rdacontent 
337 |a unmediated  |b n  |2 rdamedia 
338 |a volume  |b nc  |2 rdacarrier 
504 |a Bibliography: pages 289-304. 
650 0 |a Grain trade  |z Northwest, Old. 
999 |a MARS 
999 f f |s 30ce3733-058e-3c11-b476-065580f04d91  |i df78776d-721a-316b-90bd-6b3ad338a47f  |t 0 
952 f f |p ric  |a Texas A&M University  |b Rellis Campus  |c Joint Library Facility  |d Remote Storage  |t 0  |e HD9037.A14 C5  |h Library of Congress classification  |i unmediated -- volume  |m A14800872315 
998 f f |a HD9037.A14 C5  |t 0  |l Remote Storage